000 01070nam a2200277 i 4500
001 bg
245 0 0 _aZakładowa kontrola produkcji wyrobów budowlanych :
_bwymagania : [instrukcja] /
_cJan Bobrowicz [et al.] ; Instytut Techniki Budowlanej.
260 _aWarszawa :
_bInstytut Techniki Budowlanej,
_c2006.
300 _a39 s. ;
_c24 cm.
490 1 _aInstrukcje, Wytyczne, Poradniki / Instytut Techniki Budowlanej ;
_v414/2006
650 9 _aMateriały budowlane
_xnormalizacja
_xPolska
650 9 _aMateriały budowlane
_xnormalizacja
_xUnia Europejska
650 9 _aJakość wyrobów
_xnormalizacja
_zPolska
650 9 _aJakość wyrobów
_xnormalizacja
_zUnia Europejska
655 _aInstrukcje
700 1 _aBOBROWICZ, Jan.
710 2 _aInstytut Techniki Budowlanej
830 0 _aInstrukcje, Wytyczne, Poradniki - Instytut Techniki Budowlanej ;
_v414/2006
020 _a8324900829
040 _cBPK
041 0 _apol
080 _a691:006.3/.8](438:4-67)(083.1)
920 _a83-249-0082-9
942 _cKS
008 s pl f |000 0 pol
999 _c51653
_d51653
856 _uhttp://koha.tu.koszalin.pl/cgi-bin/koha/opac-detail.pl?biblionumber=51653
_yKatalog online BPK